Biggest football Teams in Europe per Country - Statistics

General Stats
  • This quiz has been taken 41 times
  • The average score is 31 of 43
Answers on the Map
Answers color-coded by a green-red scale on the quiz's map according to % correct below.
 
Answer Stats
Answer % Correct
AC Milan
91%
AFC Ajax
88%
Bayern Munich
88%
HJK Helsinki
88%
Manchester United
88%
Olympiacos FC
88%
Real Madrid
88%
Shamrock Rovers
88%
Spartak Moscow
88%
Sporting Lisbon
88%
FC Copenhagen
85%
Malmö FF
85%
Legia Warsaw
82%
PSG
82%
RSC Anderlecht
82%
Dinamo Zagreb
79%
Red Star Belgrade
79%
SK Rapid Wien
79%
ŠK Slovan Bratislava
79%
CSKA Sofia
76%
FC Basel
76%
FC Shakhtar donetsk
76%
FC Vaduz
76%
FK Zeljeznicar Sarajevo
76%
Steaua București (FCSB)
76%
Valletta FC
76%
AS Monaco
73%
FK Tirana
73%
Rosenborg BK
73%
AC Sparta Praha
70%
Ferencvarosi TC
70%
KR Reykjavík
70%
BATE Borisov
67%
FK Buducnost Podgorica
67%
NK Maribor
61%
Sheriff Tiraspol
58%
F91 Dudelange
52%
SP Tre Penne
48%
FC Santa Coloma
45%
FC Flora
36%
FK Vardar
33%
Skonto FC
27%
FK Zalgiris
9%
No matching quizzes found
Score Distribution
Percent of People with Each Score
Percentile by Number Answered
Your Score History
You have not taken this quiz